Guess the Person Based On Their Wikipedia Section Headings #1 - Statistics

General Stats
  • This quiz has been taken 35 times
  • The average score is 7 of 10
Answer Stats
Picture Answer % Correct
Napoleon
97%
Che Guevara
94%
Alexander the Great
91%
Grigori Rasputin
91%
Jesus
91%
Lee Harvey Oswald
82%
Henry VIII
76%
Christopher Columbus
67%
Enrico Fermi
33%
Vince McMahon
21%
No matching quizzes found
Score Distribution
Percent of People with Each Score
Percentile by Number Answered
Your Score History
You have not taken this quiz